000 00663nam a2200205Ii 4500
001 3717
003 CO-ViMGA
008 241108s9999||||xx |||||||||||||| ||und||
040 _aCO-ViMGA
_bspa
_erda
_cCO-ViMGA
041 0 _aspa
082 0 4 _a341.44 O73r
110 1 _aOrganización de las Naciones Unidas para la Agricultura y la Alimentación,
245 1 0 _aEl régimen de las aguas subterráneas según el Derecho Internacional
264 1 _aRoma, Italia : FAO, 1986
300 _avolumen
336 _atext
_btxt
_2rdacontent
337 _aunmediated
_bn
_2rdamedia
338 _avolume
_bnc
_2rdacarrier
940 _aidficha_siabuc: 3628. -- ficha_no_siabuc:3717
999 _c49708
_d49708